000 00959nam0a22002411i 4500
001 rc\863212
005 20240723113934.0
035 _a(NLR Aleph) 006042720
090 _a4721380
_c4721380
100 _a20041129d1983 u |0rusy50 ca
101 0 _arus
102 _aRU
105 _aa |||||||||
200 1 _aОсобенности развития водорослей в почвах орошаемых пастбищ
_e(На прим. Башк. Предуралья)
_eАвтореф. дис. на соиск. учен. степ. канд. биол. наук
_e(03.00.05)
210 _aТомск
_d1983
215 _a20 с.
_cграф.
300 _aВ надзаг.: Том. гос. ун-т им. В.В. Куйбышева
320 _aБиблиогр.: с. 19-20 (10 назв.)
700 1 _aСайфуллина
_bЗ.Н.
_gЗоя Николаевна
801 0 _aRU
_bNLR
_gpsbo
801 1 _aRU
_bELAR
_2rusmarc
852 _aNLR
_j84-4/6239
942 _cBOOK